[Event "Troisdorf op"]
[Site "Troisdorf"]
[Date "2013.11.19"]
[Round "5"]
[White "Reiter, Ute"]
[Black "Hiendl, Robert"]
[Result "0-1"]
[WhiteElo "1176"]
[BlackElo "1805"]
[PlyCount "104"]
[EventDate "2013.10.22"]
[EventType "swiss"]
[EventRounds "7"]
[EventCountry "GER"]
[SourceTitle "EXT 2016"]
[Source "ChessBase"]
[SourceDate "2015.10.08"]
[SourceVersion "1"]
[SourceVersionDate "2015.10.08"]
[SourceQuality "1"]

1. e4 c5 2. d3 Nc6 3. Be3 d6 4. Nc3 g6 5. Be2 Bg7 6. Nf3 Bd7 7. 0-0 Nd4 8. Rb1 Rc8 9. Qd2 Nxe2+ 10. Nxe2 Bg4 11. Ne1 Nf6 12. h3 Be6 13. b4 b6 14. a3 Ba2 15. Ra1 Be6 16. Ng3 Nxe4 17. Qc1 Nxg3 18. fxg3 Bxa1 19. Qxa1 Kd7 20. Nf3 f6 21. Rd1 Rc7 22. d4 cxb4 23. d5 Bf7 24. axb4 Qa8 25. Qa4+ Kc8 26. Bxb6 Rd7 27. Rd3 Qb7 28. Rc3+ Kb8 29. Ba5 Bxd5 30. Nd4 Rc8 31. Ra3 Bxg2 32. h4 Bh3 33. Qb5 Qxb5 34. Nxb5 Rxc2 35. Ra1 e5 36. Na3 Rg2+ 37. Kh1 Rxg3 38. b5 d5 39. b6 axb6 40. Bxb6 Rb3 41. Rb1 Rxb1+ 42. Nxb1 Rb7 43. Nc3 Rxb6 44. Nxd5 Re6 45. Kh2 Bf5 46. Kg3 Kb7 47. Ne3 Kc6 48. h5 Rd6 49. Nc4 Rd3+ 50. Kf2 Kc5 51. Ne3 Rxe3 52. Kxe3 gxh5 0-1

[Event "Cologne Longerich op-B 12th"]
[Site "Cologne"]
[Date "2013.07.20"]
[Round "3"]
[White "Hiendl, Robert"]
[Black "Dijkhuis, Oele"]
[Result "1-0"]
[WhiteElo "1638"]
[BlackElo "1343"]
[PlyCount "69"]
[EventDate "2013.07.19"]
[EventType "tourn"]
[EventRounds "5"]
[EventCountry "GER"]
[SourceTitle "EXT 2017"]
[Source "ChessBase"]
[SourceDate "2016.10.25"]
[SourceVersion "1"]
[SourceVersionDate "2016.10.25"]
[SourceQuality "1"]

1. e4 e5 2. Nf3 Nc6 3. Bc4 Nf6 4. Ng5 Nxe4 5. Bxf7+ Ke7 6. Nxe4 Kxf7 7. Qf3+ Ke8 8. 0-0 Qh4 9. d3 d5 10. Ng5 Nd8 11. Qxd5 Bd6 12. Nc3 h6 13. Nf3 Qh5 14. Ne4 Qg6 15. Nxe5 Bxe5 16. Qxe5+ Kf7 17. Qxc7+ Kg8 18. Qxd8+ Kh7 19. Qh4 Rf8 20. Bd2 Rf5 21. Bc3 Rh5 22. Qg3 Qf7 23. f4 Bf5 24. Nd6 Qf8 25. Nxf5 Rxf5 26. Rae1 Rd8 27. Qe3 Qg8 28. Qe4 Rdf8 29. g4 g6 30. gxf5 gxf5+ 31. Qg2 Qf7 32. Kh1 Rg8 33. Qf3 Qd7 34. Rg1 Qd8 35. Qxb7+ 1-0

[Event "Cologne Longerich op-B 12th"]
[Site "Cologne"]
[Date "2013.07.19"]
[Round "1"]
[White "Hiendl, Robert"]
[Black "Breuer, Achim"]
[Result "1/2-1/2"]
[WhiteElo "1638"]
[BlackElo "1473"]
[PlyCount "43"]
[EventDate "2013.07.19"]
[EventType "tourn"]
[EventRounds "5"]
[EventCountry "GER"]
[SourceTitle "EXT 2017"]
[Source "ChessBase"]
[SourceDate "2016.10.25"]
[SourceVersion "1"]
[SourceVersionDate "2016.10.25"]
[SourceQuality "1"]

1. c4 e6 2. g3 Nf6 3. Nc3 d5 4. cxd5 exd5 5. Bg2 c6 6. d4 Qb6 7. Nf3 Bd6 8. 0-0 0-0 9. Qc2 Bg4 10. e3 Nbd7 11. Bd2 Rfe8 12. Rfc1 Qd8 13. Na4 Ne4 14. Be1 Qf6 15. Nd2 Nxd2 16. Bxd2 Bf5 17. Qb3 Rab8 18. Bb4 a5 19. Bxd6 Qxd6 20. h4 Nf6 21. Nc3 Ng4 22. Re1 1/2-1/2

[Event "Troisdorf op"]
[Site "Troisdorf"]
[Date "2012.12.04"]
[Round "7"]
[White "Correa Lira, Juan Ignacio"]
[Black "Hiendl, Robert"]
[Result "0-1"]
[WhiteElo "1490"]
[BlackElo "1805"]
[PlyCount "43"]
[EventDate "2012.10.23"]
[EventType "swiss"]
[EventRounds "7"]
[EventCountry "GER"]
[SourceTitle "EXT 2014"]
[Source "ChessBase"]
[SourceDate "2013.11.20"]
[SourceVersion "1"]
[SourceVersionDate "2013.11.20"]
[SourceQuality "1"]

1. f4 d5 2. Nf3 g6 3. c3 Bg7 4. d3 Nf6 5. Qc2 Nc6 6. e4 dxe4 7. dxe4 0-0 8. Bd3 e6 9. Be3 Qe7 10. Nbd2 Bh6 11. Ng5 Ng4 12. Nc4 b5 13. h3 bxc4 14. hxg4 cxd3 15. Qxd3 Bxg5 16. fxg5 f5 17. Rh6 f4 18. Bd4 Nxd4 19. cxd4 Qxg5 20. Qh3 Rf7 21. Rc1 f3 22. gxf3 0-1

[Event "Troisdorf op"]
[Site "Troisdorf"]
[Date "2012.11.20"]
[Round "5"]
[White "Hiendl, Robert"]
[Black "Bonus, Christian"]
[Result "1-0"]
[WhiteElo "1805"]
[BlackElo "1456"]
[PlyCount "69"]
[EventDate "2012.10.23"]
[EventType "swiss"]
[EventRounds "7"]
[EventCountry "GER"]
[SourceTitle "EXT 2014"]
[Source "ChessBase"]
[SourceDate "2013.11.20"]
[SourceVersion "1"]
[SourceVersionDate "2013.11.20"]
[SourceQuality "1"]

1. e4 c5 2. Nf3 Nc6 3. d4 cxd4 4. Nxd4 Nf6 5. Nc3 d6 6. Be3 g6 7. f3 Bg7 8. Qd2 0-0 9. 0-0-0 a6 10. g4 Ne5 11. h4 b5 12. h5 Nc4 13. Bxc4 bxc4 14. hxg6 fxg6 15. Bh6 Rf7 16. Bxg7 Rxg7 17. g5 Nh5 18. Nc6 Qb6 19. Nxe7+ Kh8 20. Ncd5 Qb7 21. Nxc8 Rxc8 22. Qc3 Rc5 23. Nf6 Nf4 24. Kd2 Rxg5 25. Ng4 d5 26. Qf6 Qb4+ 27. Ke3 Rxg4 28. fxg4 Qe7 29. Qxe7 Rxe7 30. Kxf4 Rxe4+ 31. Kf3 g5 32. Rhe1 Rf4+ 33. Kg3 d4 34. Rf1 Re4 35. Rde1 1-0

[Event "Troisdorf op"]
[Site "Troisdorf"]
[Date "2012.11.06"]
[Round "3"]
[White "Hiendl, Robert"]
[Black "Quaegwer, Gerhard"]
[Result "1/2-1/2"]
[WhiteElo "1805"]
[BlackElo "1489"]
[PlyCount "92"]
[EventDate "2012.10.23"]
[EventType "swiss"]
[EventRounds "7"]
[EventCountry "GER"]
[SourceTitle "EXT 2014"]
[Source "ChessBase"]
[SourceDate "2013.11.20"]
[SourceVersion "1"]
[SourceVersionDate "2013.11.20"]
[SourceQuality "1"]

1. c4 d6 2. Nc3 g6 3. g3 Bg7 4. Bg2 Nf6 5. d4 c6 6. Nf3 0-0 7. 0-0 Na6 8. e4 Bg4 9. h3 Bxf3 10. Qxf3 Qc7 11. Be3 Nd7 12. Rfd1 e5 13. d5 c5 14. Nb5 Qb8 15. a3 Nf6 16. Rab1 h6 17. b4 b6 18. bxc5 Nxc5 19. Bxc5 bxc5 20. a4 Qd8 21. Qa3 a6 22. Nc3 Nd7 23. a5 Qc7 24. Rb3 Rab8 25. Rdb1 Rxb3 26. Rxb3 Rb8 27. Rxb8+ Qxb8 28. Qa4 Qd8 29. Qc6 Nb8 30. Qb6 Qxb6 31. axb6 Kf8 32. h4 f6 33. Bh3 Ke7 34. Na4 Kd8 35. Kf1 Nd7 36. Ke2 Bf8 37. Kd3 Be7 38. Kc3 Nb8 39. Kb3 Ke8 40. f3 Bd8 41. Bc8 g5 42. h5 Ke7 43. g4 Ke8 44. Bb7 Ke7 45. Bc6 Kf8 46. Bb7 Ke7 1/2-1/2

[Event "Troisdorf op"]
[Site "Troisdorf"]
[Date "2011.12.06"]
[Round "7"]
[White "Hiendl, Robert"]
[Black "Heck, Ewald"]
[Result "0-1"]
[WhiteElo "1607"]
[BlackElo "1678"]
[PlyCount "30"]
[EventDate "2011.10.25"]
[EventType "swiss"]
[EventRounds "7"]
[EventCountry "GER"]
[SourceTitle "EXT 2013"]
[Source "ChessBase"]
[SourceDate "2012.11.22"]
[SourceVersion "1"]
[SourceVersionDate "2012.11.22"]
[SourceQuality "1"]

1. e4 c5 2. Nf3 Nc6 3. d4 cxd4 4. Nxd4 Nf6 5. Nc3 e5 6. Ndb5 d6 7. Bg5 a6 8. Bxf6 gxf6 9. Na3 Be6 10. Nd5 f5 11. f3 fxe4 12. fxe4 Qh4+ 13. Kd2 Bxd5 14. exd5 Bh6+ 15. Kc3 Qb4+ 0-1

[Event "Troisdorf op"]
[Site "Troisdorf"]
[Date "2011.11.22"]
[Round "5"]
[White "Hiendl, Robert"]
[Black "Correa Lira, Juan Ignacio"]
[Result "1/2-1/2"]
[WhiteElo "1607"]
[BlackElo "1491"]
[PlyCount "43"]
[EventDate "2011.10.25"]
[EventType "swiss"]
[EventRounds "7"]
[EventCountry "GER"]
[SourceTitle "EXT 2013"]
[Source "ChessBase"]
[SourceDate "2012.11.22"]
[SourceVersion "1"]
[SourceVersionDate "2012.11.22"]
[SourceQuality "1"]

1. e4 c5 2. Nf3 Nc6 3. d4 cxd4 4. Nxd4 g6 5. Be3 Bg7 6. Nc3 Nf6 7. f3 0-0 8. Bc4 Qa5 9. Qd2 Qb4 10. Bb3 Nxe4 11. fxe4 Nxd4 12. Nd5 Qxd2+ 13. Bxd2 Nxb3 14. Nxe7+ Kh8 15. axb3 Re8 16. Nxc8 Rxe4+ 17. Kd1 Rxc8 18. Rxa7 Bxb2 19. Rxb7 Ra8 20. Bh6 Bc3 21. Rxd7 Ra1+ 22. Bc1 1/2-1/2

[Event "Troisdorf op"]
[Site "Troisdorf"]
[Date "2011.11.15"]
[Round "4"]
[White "Cohnen, Michael"]
[Black "Hiendl, Robert"]
[Result "1-0"]
[WhiteElo "1777"]
[BlackElo "1607"]
[PlyCount "45"]
[EventDate "2011.10.25"]
[EventType "swiss"]
[EventRounds "7"]
[EventCountry "GER"]
[SourceTitle "EXT 2013"]
[Source "ChessBase"]
[SourceDate "2012.11.22"]
[SourceVersion "1"]
[SourceVersionDate "2012.11.22"]
[SourceQuality "1"]

1. d4 d5 2. c4 e6 3. Nc3 Nf6 4. cxd5 exd5 5. Bg5 Be7 6. e3 c6 7. Bd3 0-0 8. Qc2 Nbd7 9. Nge2 Re8 10. 0-0-0 Nf8 11. Kb1 g6 12. f3 Ne6 13. Bh4 Ng7 14. g4 Be6 15. Bf2 Rc8 16. Nf4 Bd7 17. h4 Bxg4 18. fxg4 Nxg4 19. Rdg1 Qd7 20. h5 Nxf2 21. Qxf2 Nf5 22. Nxg6 fxg6 23. Bxf5 1-0

[Event "Troisdorf op "]
[Site "Troisdorf"]
[Date "2010.12.07"]
[Round "7"]
[White "Hiendl, Robert"]
[Black "Roenker, Sebastian"]
[Result "1-0"]
[WhiteElo "1541"]
[BlackElo "1596"]
[PlyCount "49"]
[EventDate "2010.10.26"]
[EventType "swiss"]
[EventRounds "7"]
[EventCountry "GER"]
[SourceTitle "EXT 2013"]
[Source "ChessBase"]
[SourceDate "2012.11.22"]
[SourceVersion "1"]
[SourceVersionDate "2012.11.22"]
[SourceQuality "1"]

1. e4 e5 2. Nf3 f5 3. exf5 e4 4. Qe2 Qe7 5. Nd4 Qe5 6. Nb3 d5 7. d4 Qxf5 8. Nc3 c6 9. Bd2 Nf6 10. f3 Be7 11. fxe4 Nxe4 12. Nxe4 dxe4 13. 0-0-0 Nd7 14. g4 Qg6 15. Bg2 Nf6 16. h3 0-0 17. g5 Nh5 18. Bxe4 Bf5 19. Bxf5 Rxf5 20. Qxe7 Re8 21. Qb4 Ng3 22. Qc4+ Kh8 23. Rhe1 Ne4 24. Nc5 Rf2 25. Nxe4 1-0

[Event "Troisdorf op "]
[Site "Troisdorf"]
[Date "2010.11.16"]
[Round "4"]
[White "Hiendl, Robert"]
[Black "Kissing, Freya Margarethe"]
[Result "1-0"]
[WhiteElo "1541"]
[BlackElo "1385"]
[PlyCount "77"]
[EventDate "2010.10.26"]
[EventType "swiss"]
[EventRounds "7"]
[EventCountry "GER"]
[SourceTitle "EXT 2013"]
[Source "ChessBase"]
[SourceDate "2012.11.22"]
[SourceVersion "1"]
[SourceVersionDate "2012.11.22"]
[SourceQuality "1"]

1. e4 e6 2. d4 d5 3. e5 c5 4. c3 Nc6 5. Nf3 Qb6 6. a3 Nge7 7. b4 cxd4 8. cxd4 Nf5 9. Bb2 a6 10. Nc3 Nfxd4 11. Nxd4 Qxd4 12. Qxd4 Nxd4 13. Nxd5 Nc2+ 14. Kd1 exd5 15. Kxc2 Bf5+ 16. Bd3 Rc8+ 17. Kd2 Be6 18. Rac1 Be7 19. Rxc8+ Bxc8 20. f4 0-0 21. Rc1 Be6 22. Rc7 Bd8 23. Rxb7 Bc8 24. Ra7 Bb6 25. Ra8 Bb7 26. Rxf8+ Kxf8 27. Be2 Bg1 28. h3 d4 29. Bf3 Bxf3 30. gxf3 Be3+ 31. Kd3 Bxf4 32. Kxd4 Ke7 33. Kd5 Kd7 34. Bd4 Bd2 35. Bc5 g6 36. a4 Kc7 37. b5 axb5 38. axb5 Ba5 39. b6+ 1-0

[Event "Troisdorf op"]
[Site "Troisdorf"]
[Date "2009.11.03"]
[Round "2"]
[White "Reiter, Ute"]
[Black "Hiendl, Robert"]
[Result "0-1"]
[WhiteElo "1204"]
[BlackElo "1605"]
[PlyCount "35"]
[EventDate "2009.10.27"]
[EventType "swiss"]
[EventRounds "7"]
[EventCountry "GER"]
[SourceTitle "EXT 2011"]
[Source "ChessBase"]
[SourceDate "2010.11.26"]
[SourceVersion "1"]
[SourceVersionDate "2010.11.26"]
[SourceQuality "1"]

1. e4 c5 2. Nf3 d6 3. d4 cxd4 4. Nxd4 Nf6 5. Nc3 g6 6. Be3 Bg7 7. Bd3 Nc6 8. Qd2 Ng4 9. Nxc6 bxc6 10. 0-0 Nxe3 11. fxe3 0-0 12. Rab1 Rb8 13. b3 Qa5 14. b4 Qb6 15. a3 a6 16. Ne2 Bh6 17. Nd4 Qxd4 18. Qf2 0-1

[Event "Troisdorf op"]
[Site "Troisdorf"]
[Date "2008.11.18"]
[Round "6"]
[White "Koschmieder, Josef"]
[Black "Hiendl, Robert"]
[Result "1/2-1/2"]
[WhiteElo "1385"]
[BlackElo "1584"]
[PlyCount "82"]
[EventDate "2008.10.14"]
[EventType "swiss"]
[EventRounds "7"]
[EventCountry "GER"]
[SourceTitle "EXT 2011"]
[Source "ChessBase"]
[SourceDate "2010.11.26"]
[SourceVersion "1"]
[SourceVersionDate "2010.11.26"]
[SourceQuality "1"]

1. e4 c5 2. Nf3 d6 3. Bc4 Nf6 4. Nc3 g6 5. h3 Bg7 6. a3 0-0 7. 0-0 Nc6 8. d3 a6 9. Bd2 b5 10. Ba2 Bb7 11. Qc1 Rc8 12. Bh6 e6 13. Re1 Re8 14. Bxg7 Kxg7 15. Qg5 h6 16. Qf4 Nh5 17. Qd2 Qf6 18. Ne2 Ne5 19. Nxe5 dxe5 20. g3 Red8 21. Qe3 g5 22. Rad1 Rd7 23. Rd2 Qd8 24. Red1 Rc6 25. Kh2 Qf8 26. Qf3 Kg6 27. h4 f5 28. hxg5 hxg5 29. g4 Ng7 30. Ng3 Rc8 31. Kg2 Rcd8 32. Bxe6 Bxe4 33. gxf5+ Bxf5 34. Bxd7 Rxd7 35. Nxf5 Nxf5 36. Qc6+ Rd6 37. Qe4 Rd4 38. Qxe5 Nh4+ 39. Kf1 Qf3 40. Qe6+ Kh5 41. Qe8+ Kg4 1/2-1/2

[Event "Troisdorf op"]
[Site "Troisdorf"]
[Date "2008.11.11"]
[Round "5"]
[White "Trube, Dieter"]
[Black "Hiendl, Robert"]
[Result "1-0"]
[WhiteElo "1700"]
[BlackElo "1584"]
[PlyCount "65"]
[EventDate "2008.10.14"]
[EventType "swiss"]
[EventRounds "7"]
[EventCountry "GER"]
[SourceTitle "EXT 2011"]
[Source "ChessBase"]
[SourceDate "2010.11.26"]
[SourceVersion "1"]
[SourceVersionDate "2010.11.26"]
[SourceQuality "1"]

1. e4 d6 2. d4 Nf6 3. Nc3 g6 4. f4 Bg7 5. Nf3 0-0 6. Be2 b6 7. 0-0 c5 8. d5 Re8 9. e5 dxe5 10. fxe5 Ng4 11. Bf4 Nh6 12. Qd2 Nf5 13. Rad1 f6 14. g4 fxe5 15. Bxe5 Nd6 16. Bxg7 Kxg7 17. Ng5 h6 18. Ne6+ Bxe6 19. dxe6 Nc6 20. Qd5 Nd4 21. Qe5+ Kh7 22. Bd3 Rf8 23. Ne4 Nf3+ 24. Rxf3 Rxf3 25. Nxd6 exd6 26. Bxg6+ Kxg6 27. Qe4+ Kg7 28. Qxf3 Qf8 29. Qb7+ Kg8 30. Rf1 Qe8 31. Qd5 Kh8 32. Rf7 Qa4 33. Qxa8+ 1-0

[Event "Troisdorf op"]
[Site "Troisdorf"]
[Date "2008.10.21"]
[Round "2"]
[White "Hiendl, Robert"]
[Black "Reiter, Ute"]
[Result "1-0"]
[WhiteElo "1584"]
[BlackElo "1161"]
[PlyCount "87"]
[EventDate "2008.10.14"]
[EventType "swiss"]
[EventRounds "7"]
[EventCountry "GER"]
[SourceTitle "EXT 2011"]
[Source "ChessBase"]
[SourceDate "2010.11.26"]
[SourceVersion "1"]
[SourceVersionDate "2010.11.26"]
[SourceQuality "1"]

1. e4 e5 2. Nf3 Nc6 3. Bc4 d6 4. 0-0 Bg4 5. h3 Bd7 6. Nc3 h6 7. d4 exd4 8. Nxd4 Qf6 9. Be3 a6 10. Nd5 Qd8 11. Qf3 Ne5 12. Qe2 Nxc4 13. Qxc4 c6 14. Nc3 Nf6 15. Rad1 Qc8 16. Qe2 c5 17. Nf5 Bxf5 18. exf5 Be7 19. Rfe1 0-0 20. Nd5 Re8 21. Nb6 Qxf5 22. Nxa8 Rxa8 23. Bxh6 Bf8 24. Be3 b5 25. c4 b4 26. Qd3 Qxd3 27. Rxd3 Rd8 28. Bxc5 Rc8 29. Bxb4 Rxc4 30. Bc3 Ne4 31. Rd4 Rxd4 32. Bxd4 d5 33. f3 Bc5 34. Bxc5 Nxc5 35. Rd1 Na4 36. Rxd5 Nxb2 37. Rd6 a5 38. Rd5 a4 39. Rd4 a3 40. Rd8+ Kh7 41. Ra8 Nc4 42. Ra4 Ne5 43. Rxa3 f5 44. Ra5 1-0

[Event "Troisdorf op"]
[Site "Troisdorf"]
[Date "2007.11.13"]
[Round "5"]
[White "Schlueter, Juergen"]
[Black "Hiendl, Robert"]
[Result "1-0"]
[WhiteElo "1361"]
[BlackElo "1643"]
[PlyCount "39"]
[EventDate "2007.10.16"]
[EventType "swiss"]
[EventRounds "5"]
[EventCountry "GER"]
[SourceTitle "EXT 2011"]
[Source "ChessBase"]
[SourceDate "2010.11.26"]
[SourceVersion "1"]
[SourceVersionDate "2010.11.26"]
[SourceQuality "1"]

1. e4 e6 2. d4 d5 3. Nc3 Bb4 4. e5 c5 5. a3 Bxc3+ 6. bxc3 Ne7 7. a4 0-0 8. Ra3 cxd4 9. cxd4 Nbc6 10. Nf3 Bd7 11. c3 Rc8 12. Bd3 Na5 13. Bxh7+ Kxh7 14. Ng5+ Kg6 15. Qg4 f5 16. Qh4 Rh8 17. Qg3 Kh5 18. Nf7 Nec6 19. Nxd8 Rcxd8 20. h4 1-0

[Event "Troisdorf op"]
[Site "Troisdorf"]
[Date "2006.12.05"]
[Round "7"]
[White "Spira, Uwe"]
[Black "Hiendl, Robert"]
[Result "1-0"]
[WhiteElo "1780"]
[BlackElo "1522"]
[PlyCount "31"]
[EventDate "2006.10.24"]
[EventType "swiss"]
[EventRounds "7"]
[EventCountry "GER"]
[SourceTitle "EXT 2011"]
[Source "ChessBase"]
[SourceDate "2010.11.26"]
[SourceVersion "1"]
[SourceVersionDate "2010.11.26"]
[SourceQuality "1"]

1. e4 e6 2. d4 d5 3. Nd2 c5 4. exd5 Qxd5 5. Bc4 Qxg2 6. Qf3 Qxf3 7. Ngxf3 cxd4 8. Nxd4 a6 9. Rg1 g6 10. Ne4 Bg7 11. Be3 Nf6 12. Nd6+ Kd7 13. Nxf7 Re8 14. 0-0-0 Ke7 15. Ng5 e5 16. Nf5+ 1-0

[Event "Troisdorf op"]
[Site "Troisdorf"]
[Date "2006.11.21"]
[Round "5"]
[White "Haak, Kurt"]
[Black "Hiendl, Robert"]
[Result "0-1"]
[WhiteElo "1789"]
[BlackElo "1522"]
[PlyCount "77"]
[EventDate "2006.10.24"]
[EventType "swiss"]
[EventRounds "7"]
[EventCountry "GER"]
[SourceTitle "EXT 2011"]
[Source "ChessBase"]
[SourceDate "2010.11.26"]
[SourceVersion "1"]
[SourceVersionDate "2010.11.26"]
[SourceQuality "1"]

1. d4 d5 2. Nf3 Nf6 3. c4 e6 4. e3 Be7 5. a3 0-0 6. Nc3 b6 7. Bd3 dxc4 8. Bxc4 Bb7 9. 0-0 Nbd7 10. Qe2 c5 11. Rd1 Qc7 12. b3 Rfd8 13. Bb2 a6 14. a4 Ne4 15. d5 Nxc3 16. Bxc3 exd5 17. Bxd5 Bf6 18. Bxf6 Nxf6 19. Bxb7 Qxb7 20. Qc2 Qe4 21. Rd2 Qxc2 22. Rxc2 Rd5 23. Kf1 Rad8 24. Ke2 Ne4 25. Rac1 f6 26. Rb1 a5 27. Rbb2 Kf7 28. Ne1 Ke6 29. f3 Ng5 30. h4 Nf7 31. g4 Ne5 32. Ng2 g5 33. h5 Nd3 34. e4 R5d7 35. Rb1 Nb4 36. Rcb2 Nd3 37. Rd2 Nc1+ 38. Rxc1 Rxd2+ 39. Kf1 0-1

[Event "Troisdorf op"]
[Site "Troisdorf"]
[Date "2005.12.06"]
[Round "7.23"]
[White "Hiendl, Robert"]
[Black "Bonus, Christian"]
[Result "1-0"]
[WhiteElo "1526"]
[BlackElo "1469"]
[PlyCount "41"]
[EventDate "2005.10.18"]
[EventType "swiss"]
[EventRounds "7"]
[EventCountry "GER"]
[SourceTitle "EXT 2006"]
[Source "ChessBase"]
[SourceDate "2005.11.24"]
[SourceVersion "1"]
[SourceVersionDate "2005.11.24"]
[SourceQuality "1"]

1. e4 c5 2. Nf3 d6 3. d4 Nf6 4. Nc3 Bg4 5. dxc5 Qa5 6. h3 Bh5 7. Bb5+ Nc6 8. 0-0 0-0-0 9. Bxc6 bxc6 10. Be3 dxc5 11. Qe2 e6 12. Rfd1 Be7 13. Rd2 h6 14. Rad1 g5 15. g4 Bg6 16. Qc4 Nd7 17. b4 Qxb4 18. Qa6+ Qb7 19. Qxb7+ Kxb7 20. Rxd7+ Rxd7 21. Rxd7+ 1-0

[Event "Troisdorf op"]
[Site "Troisdorf"]
[Date "2005.11.22"]
[Round "5.14"]
[White "Heck, Ewald"]
[Black "Hiendl, Robert"]
[Result "1-0"]
[WhiteElo "1811"]
[BlackElo "1526"]
[PlyCount "119"]
[EventDate "2005.10.18"]
[EventType "swiss"]
[EventRounds "7"]
[EventCountry "GER"]
[SourceTitle "EXT 2006"]
[Source "ChessBase"]
[SourceDate "2005.11.24"]
[SourceVersion "1"]
[SourceVersionDate "2005.11.24"]
[SourceQuality "1"]

1. Nf3 d5 2. d4 Nf6 3. c4 e6 4. Nc3 Nbd7 5. Bg5 c6 6. a3 Be7 7. e3 h6 8. Bh4 0-0 9. Bd3 dxc4 10. Bxc4 Nb6 11. Bd3 Nbd5 12. Rc1 Nxc3 13. Rxc3 Nd5 14. Bxe7 Qxe7 15. Rc1 Bd7 16. 0-0 Rac8 17. Bb1 f5 18. Ne5 Be8 19. e4 fxe4 20. Bxe4 Qg5 21. Bxd5 exd5 22. Rc3 Rc7 23. Rg3 Qf5 24. Qd2 Qh7 25. Ng4 Kh8 26. Ne5 c5 27. dxc5 Rxc5 28. Qb4 b6 29. Nd3 a5 30. Qxb6 Rb5 31. Qd8 Qg8 32. Qh4 Bc6 33. Ne5 Rf6 34. Qxf6 gxf6 35. Rxg8+ Kxg8 36. Nxc6 Rxb2 37. Nxa5 Ra2 38. h4 Rxa3 39. Nc6 Ra6 40. Nd4 Ra4 41. Rd1 Kf7 42. Nf5 Ke6 43. Nxh6 Rxh4 44. Ng8 Rh8 45. Re1+ Kf7 46. Nxf6 Kxf6 47. f4 Kf5 48. g3 Rd8 49. Kf2 Kg4 50. Re5 d4 51. Rg5+ Kh3 52. Ke2 Ra8 53. Kd3 Rd8 54. f5 Rd5 55. g4 Kg3 56. Rg8 Kf4 57. f6 Rd7 58. Rg7 Rd6 59. g5 Re6 60. f7 1-0

[Event "Troisdorf op"]
[Site "Troisdorf"]
[Date "2005.11.15"]
[Round "4.15"]
[White "Geuer, Martin"]
[Black "Hiendl, Robert"]
[Result "1/2-1/2"]
[WhiteElo "1843"]
[BlackElo "1526"]
[PlyCount "106"]
[EventDate "2005.10.18"]
[EventType "swiss"]
[EventRounds "7"]
[EventCountry "GER"]
[SourceTitle "EXT 2006"]
[Source "ChessBase"]
[SourceDate "2005.11.24"]
[SourceVersion "1"]
[SourceVersionDate "2005.11.24"]
[SourceQuality "1"]

1. g3 e5 2. Bg2 Nc6 3. d3 Nf6 4. Nf3 d5 5. Nbd2 e4 6. dxe4 dxe4 7. Ng5 e3 8. fxe3 Nd5 9. Bxd5 Qxd5 10. Ndf3 Qxd1+ 11. Kxd1 f6 12. Ne4 Bf5 13. Nf2 0-0-0+ 14. Nd3 Bb4 15. c3 Be7 16. Kc2 Be4 17. Rf1 g5 18. b4 g4 19. Nd4 Nxd4+ 20. exd4 h5 21. Bf4 Bd6 22. Kd2 h4 23. Bxd6 Rxd6 24. Rf4 f5 25. Nf2 hxg3 26. hxg3 Rg6 27. Nxe4 fxe4 28. Rxe4 Rh3 29. Rg1 Kd7 30. Rf4 Ke7 31. e4 Rh2+ 32. Kd3 Rxa2 33. Rh1 Rg7 34. Rh4 Rg2 35. Rhxg4 Rxg3+ 36. Rxg3 Rxg3+ 37. Kc4 b5+ 38. Kxb5 Rxc3 39. Rh4 c6+ 40. Ka6 Rc4 41. Rh7+ Kd8 42. Rb7 Rxd4 43. e5 Re4 44. Kxa7 Rxe5 45. Kb6 Re6 46. Rh7 c5+ 47. Kxc5 Kc8 48. Kd5 Rg6 49. b5 Kb8 50. Kc5 Rf6 51. Kb4 Rg6 52. Ka5 Rf6 53. b6 Rf1 1/2-1/2